AS Monaco : les joueurs champions de France en 2017 - Statistiques

Statistiques générales
  • Ce quiz a été pris 395 fois
  • Le résultat moyen est 15 sur 29
Statistiques - réponses
Poste Joueur % Correct
Avant-centre Mbappé
98%
Avant-centre Falcao
96%
Gardien de but Subasic
93%
Latéral droit Sidibé
91%
Latéral gauche Mendy
89%
Ailier Silva
89%
Milieu de terrain Fabinho
84%
Défenseur central Glik
82%
Ailier Lemar
81%
Milieu de terrain Bakayoko
75%
Avant-centre Germain
75%
Défenseur central Jemerson
75%
Défenseur central Raggi
66%
Milieu de terrain Moutinho
64%
Ailier Dirar
43%
Gardien de but Badiashile
40%
Latéral droit Touré
39%
Avant-centre Carrillo
32%
Gardien de but Sy
30%
Milieu offensif Boschilia
28%
Latéral gauche Jorge
27%
Défenseur central Diallo
25%
Gardien de but De Sanctis
24%
Avant-centre Cardona
20%
Milieu de terrain N'Doram
17%
Milieu offensif Traoré
15%
Ailier Jean
14%
Ailier Cavaleiro
12%
Défenseur central Tisserand
9%
Aucun quiz correspondant
Distribution des résultats
% des personnes avec chaque résultat
Percentile par nombre de réponses
Votre historique - résultats
Vous n’avez pas pris ce quiz